Phương pháp phân tích phổ nguyên tử /
Na minha lista:
| Autor principal: | |
|---|---|
| Formato: | Sách giấy |
| Idioma: | Vietnamese |
| Publicado em: |
H. :
Đại học Quốc gia,
2006.
|
| Edição: | In lần thứ 2 có sửa chữa và bổ sung. |
| Assuntos: | |
| Tags: |
Adicionar Tag
Sem tags, seja o primeiro a adicionar uma tag!
|
| Thư viện lưu trữ: | Thư viện Trường Đại học Đà Lạt |
|---|
| LEADER | 00895nam a2200349 4500 | ||
|---|---|---|---|
| 001 | DLU080064420 | ||
| 005 | ##20081226 | ||
| 040 | # | # | |a DLU |b vie |
| 041 | # | # | |a vie |
| 044 | # | # | |a vn |
| 082 | # | # | |a 535.84 |b PH-L |
| 100 | # | # | |a Phạm Luận. |
| 245 | # | # | |a Phương pháp phân tích phổ nguyên tử / |c Phạm Luận. |
| 250 | # | # | |a In lần thứ 2 có sửa chữa và bổ sung. |
| 260 | # | # | |a H. : |b Đại học Quốc gia, |c 2006. |
| 300 | # | # | |a 262 tr. ; |c 19x27 cm. |
| 504 | # | # | |a Tài liệu tham khảo: tr.261. |
| 653 | # | # | |a Phân tích quang phổ |
| 653 | # | # | |a Quang học |
| 653 | # | # | |a Quang phổ |
| 653 | # | # | |a Vật lý hạt nhân |
| 923 | # | # | |a 20/2008 |
| 991 | # | # | |a GT |
| 992 | # | # | |a 28800 |
| 994 | # | # | |a DLU |
| 900 | # | # | |a True |
| 911 | # | # | |a Đào Thị Thu Huyền |
| 925 | # | # | |a G |
| 926 | # | # | |a A |
| 927 | # | # | |a SH |
| 980 | # | # | |a Thư viện Trường Đại học Đà Lạt |